000 00723nam a2200229Ia 4500
003 OSt
005 20230519124227.0
008 210423s2009 xx 000 0 und d
020 _a978-0-387-76500-6
040 _cAL
041 _aeng
082 _223
_a620.11299
_bWILT
100 _aWILLIAMS (David B);CARTER (C Barry)
_9109671
245 _aTransmission electron microscopy: part 3: imaging Ed 2
_bTextbook for materials science
250 _a2
260 _aNew York
_bSpringer Verlag
_c2009
300 _alxii,371-578
_bPB
365 _b1311.56
_cINR
650 _aEngineering
_9109672
906 _a3: ; Ed ; electron ; imaging ; materials ; microscopy: ; science ; Textbook ; Transmission
942 _2ddc
_cBK
999 _c166863
_d166863